Historia crítica (civil y eclesiastica) de Cataluña / (Record no. 152290)

MARC details
000 -LEADER
campo de control de longitud fija 01346nam a2200193 i 4500
001 - NÚMERO DE CONTROL
campo de control 152290
003 - IDENTIFICADOR DE NÚMERO DE CONTROL
campo de control ES-MaACL
005 - FECHA Y HORA DE LA ÚLTIMA TRANSACCIÓN
campo de control 20230906204627.0
008 - DATOS DE LONGITUD FIJA--INFORMACIÓN GENERAL
campo de control de longitud fija 931025m18761878sp f |||| | spa d
100 1# - ENTRADA PRINCIPAL--NOMBRE DE PERSONA
Nombre de persona Bofarull, Antoni de (
Fechas asociadas al nombre 1821-1892)
9 (RLIN) 29762
245 10 - MENCIÓN DEL TÍTULO
Título Historia crítica (civil y eclesiastica) de Cataluña /
Mención de responsabilidad, etc. por Antonio Bofarull y Brocá.
260 ## - PUBLICACIÓN, DISTRIBUCIÓN, ETC.
Lugar de publicación, distribución, etc. Barcelona :
Nombre del editor, distribuidor, etc. Juan Aleu y Fugarull, Editor,
Fecha de publicación, distribución, etc. 1876-1878.
300 ## - DESCRIPCIÓN FÍSICA
Extensión 9 v. :
Otras características físicas lám. ;
Dimensiones 30 cm.
505 8# - NOTA DE CONTENIDO CON FORMATO
Nota de contenido con formato Contiene : t. I. Epoca primitiva : celtas, griegos, fenicios, y cartagineses ; Dominación romana ; Dominación goda ; - T. II. Dominacion árabe y franca ; Condes feudatarios y en parte independientes ; Condes soberanos de toda la marca ; - T. III-IV. Condes, Reyes de Aragón ; - T. V. Condes, Reyes de Aragón ; Interregno ; Compromiso de Caspe ; Condes, Reyes (línea femenina de Castilla) ; - T. VII-IX. Reyes de España ; - T. VI. Condes, Reyes de Aragon (línea femenina de Castilla
597 #1 - NOTA DE DESCRIPCIÓN FÍSICA
NOTA DE DESCRIPCIÓN FÍSICA Pag.: XXXI, 246 p., [9] h. de lám.; 486 p., [6] h. de lám.; 608 p., [7] h. de lám.; 643 p., [6] h. de lám.; 535 p., [6] h. de lám.; 579 p., [5] h. de lám.; 576 p., [5] h. de lám.; 499 p., [4] h. de lám.; 542, VIII, 8 p., [5] h. de lám.
650 04 - PUNTO DE ACCESO ADICIONAL DE MATERIA--TÉRMINO DE MATERIA
Término de materia o nombre geográfico como elemento de entrada Cataluña-
Subdivisión general Historia.
9 (RLIN) 221839
852 ## - LOCALIZACIÓN
Ubicación ES-MaACL
Número de control de estantería C-1637-45
Nota libre -- Enc. hol.
Holdings
Estatus retirado Estado de pérdida Estado de daño No para préstamo Colección Biblioteca de origen Biblioteca actual Ubicación en estantería Fecha de adquisición Total de préstamos Signatura topográfica completa Código de barras Visto por última vez Precio de reemplazo Tipo de ítem Koha
        Libros del s. XIX Biblioteca del Ateneo de Madrid Biblioteca del Ateneo de Madrid Sala Palomar 17/01/2008   C-1637-45 1159003 23/02/2023 23/02/2023 Libro impreso antiguo